01194nam a2200289 a 4500001001000000003000500010005001700015008004100032010001100073011001100084040000900095100003100104245015800135260004100293500006000334502009700394502009500491650002700586650002300613650003300636650002200669650004600691650004000737650002500777700003200802856007000834000109083CHAP20220329144036.0140402s2013 mx sm |||||||spa d a105545 a106517 cCHAP1 aPerez López, José Luis10aHuella hidrica verde en algodon (Gossypium hirsutum L) en la Laguna y Sonorah[En línea]cpor José Luis Pérez López y Noel Isauro García Pompa. aBermejillo, Dgo. :bEl autor,c2013. aPara ver el contenido del material haga clic en la liga aTesis (Ing. en Sistemas Agrícolas ) -- UACH. Unidad Regional Universitaria de Zonas Aridas aTesis (Ing. en Sistemas Pecuarios ) -- UACH. Unidad Regional Universitaria de Zonas Aridas14aAgua para irrigación14aAgua subterránea14aAlgodónxComarca Lagunera.14aAlgodónxSonora14aDistrito de Desarrollo Rural Cajeme, Son.14aDistrito de Riego Comarca Lagunera.14aRiego de superficie.1 aGarcía Pompa, Noel Isauro aFinding aiduhttp://10.13.5.2/tesis/sist109083.pdfzTeclea aquí